Statistics for 1990s Best Picture Oscar Nominees - Multiple Choice

Click here to take the quiz!

General Stats

  • This quiz has been taken 138 times
    (85 since last reset)
  • The average score is 6 of 10

Answer Stats

QuestionAnswer% Correct
Which 1994 Best Picture nominee lost to Forrest Gump?The Shawshank Redemption
86%
Which 1998 Best Picture nominee lost to Shakespeare in Love?Saving Private Ryan
81%
Which 1997 Best Picture nominee lost to Titanic?Good Will Hunting
78%
Which 1996 Best Picture nominee lost to The English Patient?Fargo
75%
Which 1999 Best Picture nominee lost to American Beauty?The Sixth Sense
64%
Which 1990 Best Picture nominee lost to Dances with Wolves?Ghost
61%
Which 1991 Best Picture nominee lost to The Silence of the Lambs?Beauty and the Beast
56%
Which 1992 Best Picture nominee lost to Unforgiven?A Few Good Men
53%
Which 1993 Best Picture nominee lost to Schindler's List?The Fugitive
53%
Which 1995 Best Picture nominee lost to Braveheart?Babe
43%

Score Distribution

Percentile by Number Answered

Percent of People with Each Score

Your Score History

You have not taken this quiz since the last reset